| 000 | 00462nam a2200145Ia 4500 | ||
|---|---|---|---|
| 008 | 170224s9999 xx 000 0 und d | ||
| 100 | _aSamantha Murdy | ||
| 245 | _aRole conflict and changing heritage practice: ancestral tourism in Scotland | ||
| 245 | _cSamantha Murdy, Matthew Alexander & Derek Bryce | ||
| 260 | _bJournal of Marketing Research | ||
| 260 | _c2016 | ||
| 300 | _a32:15-16, Pages: 1494-1512 | ||
| 500 | _aNovember | ||
| 650 | _xMarketing. | ||
| 999 |
_c315969 _d315969 |
||